000 00425nmm a2200157Ia 4500
008 251105s9999||||xx |||||||||||||||||und||
041 _aspa
100 _aDefoe, Daniel
245 0 _aRobinson Crusoe
264 _a[Madrid, España] :
_bSaga Egmont,
_c2020
300 _a326 páginas
490 _aWorld Classics
650 _aEnglish Narrative
856 _uhttps://public.digitaliapublishing.com/a/99875
942 _cCF
999 _c101000
_d101000